|
|
|
|
| LEADER |
00000nam a2200000 a 4500 |
| 001 |
UCX0317 |
| 003 |
CL-VaPUC |
| 008 |
890926e19800000SP |||||||||||||||||spa|d |
| 082 |
0 |
4 |
|a 928
|b HIG
|2 21
|
| 100 |
0 |
|
|a Higuera Rojas, Eulalia Dolores de la
|e author
|9 315689
|
| 245 |
1 |
0 |
|a Mujeres en la vida de García Lorca
|
| 300 |
|
|
|a 231 p
|
| 942 |
|
|
|c BK
|
| 945 |
|
|
|d 19890926 00:00:00
|
| 260 |
|
|
|a Granada
|b Nacional
|c 1980
|
| 600 |
|
0 |
|a García Lorca, Federico
|e autor
|9 315690
|
| 650 |
|
0 |
|a Biografías
|9 255210
|
| 583 |
|
|
|a last modification
|c 20150113 05:17:41
|k Rodrigo Vera
|
| 999 |
|
|
|c 221950
|d 221948
|
| 952 |
|
|
|0 0
|1 0
|4 0
|6 928_000000000000000_HIG_1980
|7 0
|8 A
|9 216049
|a BIBEDU
|b BIBEDU
|d 2019-11-15
|i 2846268
|o 928 HIG 1980
|p 2846268
|r 2019-11-15
|w 2019-11-15
|y BK
|k LIT
|